000 00624nam a2200145 a 4500
008 120416s1993 ||||||||||||||||| || u
050 _aDT 8779 Dem
100 _aChanda, Donald
245 1 0 _aDemocracy in Zambia
_cedited by Donald Chanda
260 _aLusaka
_bAfrica Press Trust
_c1993
300 _axi, 128p. : ill.
350 _a0.00
995 _aSPECIAL COLLECTIONS
_D0.00
_e725843
_FCBU-MAIN LIBRARY (Kitwe)
_H2
_I1500.00
_jZAM DT 8779 Dem
_UAVAILABLE
_y018646
_ZZambiana Collection
995 _aSPECIAL COLLECTIONS
_D0.00
_e725844
_FCBU-MAIN LIBRARY (Kitwe)
_H1
_I1500.00
_jZAM DT 8779 Dem
_M2
_UAVAILABLE
_y018645
_ZZambiana Collection
999 _c63426
_d63426